000 01217nam a2200241Ia 4500
003 Ost
005 20260507074950.0
008 260507s9999||||xx |||||||||||||| ||und||
040 _cfsecg
041 _aara
082 _a332.4
100 _aيوسف، محمد محمود عطوة
_eمؤلف
245 0 _aإقتصاديات النقود والبنوك :
_bالنظريات ...السياسات /
_c محمد محمود عطوة يوسف
260 _aالاسكندرية:
_bدن,
_c2007
300 _a328 صفحة؛
_bإيضاحات ؛
_c24 سم
504 _aببليوغرافيا:ص.324-325
520 _aالنقود والنظام النقدي،عرض وطلب النقود،التوازن في القطاع النقدي والسياسة النقدية،الأسواق والمؤسسات المالية،السوق المصرفية الحرة للنقد الأجنبي في مصر،البنوك التجارية،البنوك المركزية والنظام المصرفي،البنوك الإسلامية
653 _aالإقتصاد
653 _aالبنوك
653 _aالنقود
700 _aالبدراوي البرعي، عصام الدين
_eمؤلف ثانوي
942 _cكتاب
999 _c41987
_d41987